S. M. Eisenstein: lo que solicita ser escrito

Gardado en:
Detalles Bibliográficos
Autor Principal: González Requena, Jesús (autor)
Formato: Libro
Idioma:Lingua castelá
Publicado: Madrid Cátedra S.A 1992
Edición:1a. ed
Series:Signo e Imagen - Cineastas, 10
Subjects:
Tags: Engadir etiqueta
Sen Etiquetas, Sexa o primeiro en etiquetar este rexistro!

MARC

LEADER 00000cam a2200000 a 4500
001 UCC7791
003 CL-VaPUC
008 190505e19920000sp |||||||||||||||||spa|d
020 |a 8437610478 
082 0 4 |a 791.4309  |b GON  |2 21 
100 |a González Requena, Jesús  |e autor  |9 602479 
245 1 0 |a S. M. Eisenstein: lo que solicita ser escrito 
250 |a 1a. ed 
300 |a 391 p 
942 |c BK 
945 |d 20190505 21:05:00  |a dcastane 
260 |a Madrid  |b Cátedra S.A  |c 1992 
650 0 |a Directores de cine  |9 368705 
650 0 |a Cine ruso  |9 450591 
650 0 |a Biografías  |9 255210 
583 |a last modification  |c 20190505 21:05:00  |k Rodrigo Vera 
490 0 |a Signo e Imagen - Cineastas, 10 
999 |c 374340  |d 374338 
952 |0 0  |1 0  |3 erb  |4 0  |6 791_430900000000000_GON_1992  |7 0  |8 A  |9 492844  |a BIBART  |b BIBART  |i 5545889  |o 791.4309 GON 1992  |p 5545889  |r 2025-03-13  |w 2019-11-24  |y BK  |z Catalogado en:20190505  |k ART